<?xml version="1.0" encoding="UTF-8"?>
<record
    xmlns:xsi="http://www.w3.org/2001/XMLSchema-instance"
    xsi:schemaLocation="http://www.loc.gov/MARC21/slim http://www.loc.gov/standards/marcxml/schema/MARC21slim.xsd"
    xmlns="http://www.loc.gov/MARC21/slim">

  <leader>03625nam a2200565Ia 4500</leader>
  <controlfield tag="001">337</controlfield>
  <controlfield tag="008">241029s9999    xx            000 0 und d</controlfield>
  <datafield tag="010" ind1=" " ind2=" ">
    <subfield code="a">305</subfield>
  </datafield>
  <datafield tag="041" ind1=" " ind2=" ">
    <subfield code="a">Espa&#xF1;ol</subfield>
  </datafield>
  <datafield tag="082" ind1=" " ind2=" ">
    <subfield code="a">NO APLICA</subfield>
  </datafield>
  <datafield tag="245" ind1=" " ind2="0">
    <subfield code="a">Efectos de grupos pandilleros en la gesti&#xF3;n pedag&#xF3;gica del Centro Educativo Mercedes Laura Aguiar. Distrito Educativo 05-03, Provincia La Romana.</subfield>
  </datafield>
  <datafield tag="260" ind1=" " ind2=" ">
    <subfield code="a">Santo Domingo</subfield>
  </datafield>
  <datafield tag="300" ind1=" " ind2=" ">
    <subfield code="a">127</subfield>
  </datafield>
  <datafield tag="520" ind1=" " ind2=" ">
    <subfield code="a">9</subfield>
  </datafield>
  <datafield tag="630" ind1=" " ind2=" ">
    <subfield code="a">Centros Educativos</subfield>
  </datafield>
  <datafield tag="630" ind1=" " ind2=" ">
    <subfield code="a">Factores Conductuales</subfield>
  </datafield>
  <datafield tag="630" ind1=" " ind2=" ">
    <subfield code="a">Gesti&#xF3;n Escolar</subfield>
  </datafield>
  <datafield tag="630" ind1=" " ind2=" ">
    <subfield code="a">Seguridad Escolar</subfield>
  </datafield>
  <datafield tag="650" ind1=" " ind2=" ">
    <subfield code="a">Gesti&#xF3;n Educativa</subfield>
  </datafield>
  <datafield tag="690" ind1=" " ind2=" ">
    <subfield code="a">Elaborado</subfield>
  </datafield>
  <datafield tag="700" ind1=" " ind2=" ">
    <subfield code="e">asesor</subfield>
    <subfield code="a">Adames , Adalberto </subfield>
  </datafield>
  <datafield tag="700" ind1=" " ind2=" ">
    <subfield code="e">autor</subfield>
    <subfield code="a">Young Romero , Elba Mirope </subfield>
  </datafield>
  <datafield tag="700" ind1=" " ind2=" ">
    <subfield code="e">autor</subfield>
    <subfield code="a">Castillo Herrera , Paula </subfield>
  </datafield>
  <datafield tag="901" ind1=" " ind2=" ">
    <subfield code="a">{"1":"Young Romero ","2":"Castillo Herrera "}</subfield>
    <subfield code="b">{"1":"Elba Mirope ","2":"Paula "}</subfield>
  </datafield>
  <datafield tag="902" ind1=" " ind2=" ">
    <subfield code="a">1</subfield>
  </datafield>
  <datafield tag="903" ind1=" " ind2=" ">
    <subfield code="a">{"1":"Adames "}</subfield>
    <subfield code="b">{"1":"Adalberto "}</subfield>
  </datafield>
  <datafield tag="904" ind1=" " ind2=" ">
    <subfield code="a">Mag&#xED;ster en</subfield>
  </datafield>
  <datafield tag="905" ind1=" " ind2=" ">
    <subfield code="a">Ciencias de la Educaci&#xF3;n</subfield>
  </datafield>
  <datafield tag="906" ind1=" " ind2=" ">
    <subfield code="a">1</subfield>
  </datafield>
  <datafield tag="907" ind1=" " ind2=" ">
    <subfield code="a">Menci&#xF3;n en</subfield>
  </datafield>
  <datafield tag="908" ind1=" " ind2=" ">
    <subfield code="a">Gesti&#xF3;n de Centros Educativos</subfield>
  </datafield>
  <datafield tag="909" ind1=" " ind2=" ">
    <subfield code="a">Universidad Abierta para Adultos (UAPA), Recinto Santo Domingo Oriental</subfield>
  </datafield>
  <datafield tag="910" ind1=" " ind2=" ">
    <subfield code="a">NULL</subfield>
    <subfield code="b">NULL</subfield>
  </datafield>
  <datafield tag="911" ind1=" " ind2=" ">
    <subfield code="a">["1"]</subfield>
  </datafield>
  <datafield tag="912" ind1=" " ind2=" ">
    <subfield code="a">NO APLICA</subfield>
  </datafield>
  <datafield tag="913" ind1=" " ind2=" ">
    <subfield code="a">NULL</subfield>
  </datafield>
  <datafield tag="914" ind1=" " ind2=" ">
    <subfield code="a">03 de Septiembre de 2012</subfield>
  </datafield>
  <datafield tag="915" ind1=" " ind2=" ">
    <subfield code="a">06/12/19 10:12</subfield>
  </datafield>
  <datafield tag="916" ind1=" " ind2=" ">
    <subfield code="a">NULL</subfield>
  </datafield>
  <datafield tag="917" ind1=" " ind2=" ">
    <subfield code="a">NULL</subfield>
  </datafield>
  <datafield tag="918" ind1=" " ind2=" ">
    <subfield code="a">NO APLICA</subfield>
  </datafield>
  <datafield tag="919" ind1=" " ind2=" ">
    <subfield code="a">["33","105","201","182"]</subfield>
  </datafield>
  <datafield tag="520" ind1=" " ind2=" ">
    <subfield code="a">Los objetivos principales de este estudio consistieron en determinar los efectos que producen los grupos pandilleros en la gesti&#xF3;n pedag&#xF3;gica del Centro Educativo Mercedes Laura Aguar en la Provincia de la Romana, a&#xF1;o escolar 2011-2012. Identificar desde la gesti&#xF3;n institucional el plan de acci&#xF3;n que se implementa para garantizar la seguridad de los educandos y enumerar los factores que motivan a los estudiantes a integrarse en pandillas.La metodolog&#xED;a utilizada fue de tipo descriptivo y un enfoque cualitativo con un dise&#xF1;o no experimental de tipo transversal, se fundament&#xF3; en la entrevista, el cuestionario, la encuesta y la observaci&#xF3;n y como t&#xE9;cnicas se utiliz&#xF3; la entrevista la encuesta y el an&#xE1;lisis. Se trabaj&#xF3; con una poblaci&#xF3;n de ciento ochenta (180) personas entre ellas, directora del Distrito, directora del Centro, ocho (8) maestros y ciento setenta (170) estudiantes del mismo Centro y como nuestra, se tom&#xF3; ciento veintiocho (128) personas entre directores/as, maestros/as y estudiantes de dicho Centro.El estudio concluy&#xF3;, que la mayor&#xED;a de los alumnos entrevistados en la encuesta reconocieron el trabajo como muy bueno. Otros aseguraron que se deb&#xED;a realizar supervisiones dentro de la escuela, y que las medidas de seguridad ejecutadas por el equipo de gesti&#xF3;n del Centro eran regular, que provee los recursos necesarios para una seguridad efectiva. Y por otra parte, se demostr&#xF3; dentro de los recursos did&#xE1;cticos facilitados por el distrito educativo para mantener motivados los alumnos del centro educativo los murales informativos.El estudio recomienda, que se deben reforzar los proyectos de capacitaci&#xF3;n que tienen la autoridades del Distrito Educativo 05-03 y del centro educativo, ampliando la cobertura de taller educativos con los adolescentes y para que &#xE9;stos no sientan el aislamiento, la soledad, la indiferencia de sus padres madres, tutores, maestros y maestras y convocar de manera continua a los padres y madres para una integraci&#xF3;n con el Centro Educativo.</subfield>
  </datafield>
  <datafield tag="921" ind1=" " ind2=" ">
    <subfield code="a">16</subfield>
  </datafield>
  <datafield tag="922" ind1=" " ind2=" ">
    <subfield code="a">16</subfield>
  </datafield>
  <datafield tag="923" ind1=" " ind2=" ">
    <subfield code="a">0</subfield>
  </datafield>
  <datafield tag="924" ind1=" " ind2=" ">
    <subfield code="a">NO APLICA</subfield>
  </datafield>
  <datafield tag="942" ind1=" " ind2=" ">
    <subfield code="c">Tesis</subfield>
  </datafield>
  <datafield tag="999" ind1=" " ind2=" ">
    <subfield code="c">305</subfield>
    <subfield code="d">305</subfield>
  </datafield>
</record>
